Política económica e industrialización 1970-1980: del Grupo Andino

Đã lưu trong:
Chi tiết về thư mục
Tác giả của công ty: Junta de Acuerdo de Cartagena
Định dạng: Texto
Được phát hành: Lima: JAC
Các nhãn: Thêm thẻ
Không có thẻ, Là người đầu tiên thẻ bản ghi này!

MARC

LEADER 00000 a a2200000 04500
001 25951
003
040
090 |a 173200  
110 |a Junta de Acuerdo de Cartagena  
245 |a Política económica e industrialización 1970-1980: del Grupo Andino  
260 |a Lima:   |b JAC  
300 |a 56 p.   |b **no definido**  
999 |c 1945  |d 1945